Schuharten - Statistiken

Allgemein
  • Dieses Quiz wurde 127 mal gespielt
  • Das Durchschnittsergebnis liegt bei 7 aus 16
Antwortstatistiken
Bildquiz Antwort % Korrekt
Stiefel
92%
Sneaker
85%
Sandalen
78%
High Heels
68%
Wanderschuhe
62%
Pumps
60%
Sportschuhe
58%
Ballerinas
56%
Mokassin
32%
Slipper
29%
Sandaletten
27%
Stiefeletten
24%
Loafer
18%
Peeptoes
17%
Chelsea Boots
16%
Slingpumps
10%
Keine übereinstimmenden Quizze gefunden
Verteilung der Resultate
Anzahl Personen mit jedem Resultat
Perzentil nach korrekt beantworteten Fragen
Ihre Resultats-Entwicklung
Sie haben dieses Quiz noch nicht gespielt